Can quality help the troubled russian economy?
Rozbor situácie v úsilí o zmenu orientácie SNŠ na trhovú ekonomiku na príklade konferencie Association Intertraining, ktorá sa konala v bývalom Paláci sovietov v Moskve, v novembri 1991. Úloha riadenia akosti na zlepšovaní ekonomiky krajín podľa Demingovej schémy reťazovej reakcie, ktorú prezentoval...
Enregistré dans:
| Auteur principal: | |
|---|---|
| Format: | Chapitre de livre |
| Langue: | anglais |
| Sujets: | |
| Tags: |
Pas de tags, Soyez le premier à ajouter un tag!
|
MARC
| LEADER | 00000naa a2200000 4500 | ||
|---|---|---|---|
| 001 | r008761 | ||
| 005 | 20220913122516.3 | ||
| 041 | 0 | |a eng | |
| 044 | |a US | ||
| 245 | 1 | 0 | |a Can quality help the troubled russian economy? |c K. Bemowski |
| 520 | |a Rozbor situácie v úsilí o zmenu orientácie SNŠ na trhovú ekonomiku na príklade konferencie Association Intertraining, ktorá sa konala v bývalom Paláci sovietov v Moskve, v novembri 1991. Úloha riadenia akosti na zlepšovaní ekonomiky krajín podľa Demingovej schémy reťazovej reakcie, ktorú prezentoval zahraničný prednášateľ na konferencii. | ||
| 610 | 2 | 0 | |a kvalita |
| 610 | 2 | 0 | |a riadenie kvality |
| 610 | 2 | 0 | |a rozvoj hospodársky |
| 610 | 2 | 0 | |a Spoločenstvo nezávislých štátov |
| 610 | 2 | 0 | |a hospodárstvo trhové |
| 610 | 2 | 0 | |a Rusko |
| 100 | 1 | |a Bemowski, K. | |